00200nam a2200073Ia 4500008004100000082000800041100001900049245005800068240331s9999 xx 000 0 und d bDES aDe Silva, H.L. 3aAn appraisal of the federal alternative for Sri Lanka